[Event "London Classic rapid op 11th"]
[Site "London"]
[Date "2019.12.07"]
[Round "1"]
[White "Clarke, Brandon GI"]
[Black "Deaconu, Mihai Ionut"]
[Result "1-0"]
[WhiteElo "2380"]
[BlackElo "1863"]
[PlyCount "151"]
[EventDate "2019.12.07"]
[EventType "swiss (rapid)"]
[EventRounds "7"]
[EventCountry "ENG"]
[SourceTitle "CBM 195 Extra"]
[Source "ChessBase"]
[SourceDate "2020.05.31"]
[SourceVersion "1"]
[SourceVersionDate "2020.05.31"]
[SourceQuality "1"]

1. e4 e5 2. Nf3 Nc6 3. Bb5 a6 4. Ba4 Nf6 5. 0-0 Be7 6. Re1 b5 7. Bb3 d6 8. c3 0-0 9. h3 Nb8 10. d4 Nbd7 11. Nbd2 Bb7 12. Bc2 Re8 13. Nf1 Bf8 14. Ng3 g6 15. a4 Bg7 16. Bd3 c6 17. Be3 Qc7 18. Qd2 Nb6 19. b3 Rad8 20. Bh6 Bh8 21. Qg5 Bc8 22. Qh4 Nbd7 23. Bg5 Re6 24. axb5 axb5 25. d5 Ree8 26. Nh2 cxd5 27. Bxb5 dxe4 28. Bxd7 Nxd7 29. Bxd8 Qxd8 30. Qxd8 Rxd8 31. Nxe4 Nb6 32. Red1 d5 33. Ra7 Rf8 34. Nd6 Be6 35. Nf3 h6 36. Rb7 Nd7 37. b4 Ra8 38. Nb5 Rd8 39. Nc7 Nf8 40. Nxe6 Nxe6 41. g3 d4 42. cxd4 exd4 43. Ne1 Bf6 44. Nd3 Ng5 45. Kg2 Ne4 46. Re1 Nd6 47. Rb6 Kg7 48. Rc1 Ne4 49. Rc7 Ra8 50. Rbb7 Nd6 51. Ra7 Rxa7 52. Rxa7 Nb5 53. Rb7 Nd6 54. Rd7 Nb5 55. Kf3 Kf8 56. Rd5 Nc3 57. Ra5 Ke7 58. h4 h5 59. Nf4 Kd6 60. Ra6+ Ke7 61. Ra7+ Ke8 62. Ra5 Kd7 63. Nd5 Nxd5 64. Rxd5+ Kc6 65. Ke4 Bg7 66. b5+ Kc7 67. Kd3 Kb6 68. Kc4 Kc7 69. f3 Bf6 70. Rxd4 Bxd4 71. Kxd4 f6 72. Kd5 g5 73. Ke6 gxh4 74. gxh4 Kb6 75. Kxf6 Kxb5 76. Ke6 1-0

[Event "London Classic op 11th"]
[Site "London"]
[Date "2019.12.06"]
[Round "9"]
[White "Sedykh, Mikhail"]
[Black "Deaconu, Mihai Ionut"]
[Result "0-1"]
[WhiteElo "2134"]
[BlackElo "1957"]
[PlyCount "82"]
[EventDate "2019.11.29"]
[EventType "swiss"]
[EventRounds "9"]
[EventCountry "ENG"]
[SourceTitle "CBM 193 Extra"]
[Source "ChessBase"]
[SourceDate "2020.01.31"]
[SourceVersion "1"]
[SourceVersionDate "2020.01.31"]
[SourceQuality "1"]

1. d4 Nf6 2. c4 g6 3. Nc3 Bg7 4. e4 d6 5. Nf3 0-0 6. Be2 e5 7. 0-0 Nc6 8. d5 Ne7 9. b4 Nh5 10. Re1 f5 11. Ng5 Nf6 12. f3 c6 13. Be3 a5 14. Na4 axb4 15. c5 cxd5 16. cxd6 Nc6 17. Nb6 Ra5 18. Nxd5 Nxd5 19. Bc4 f4 20. exd5 Nd4 21. Ne6 Qxd6 22. Bxd4 exd4 23. Nxf8 Kxf8 24. Qe2 Bd7 25. Rab1 Ra3 26. Bb3 Ra8 27. Rbc1 Re8 28. Qd2 Re3 29. Rc4 Qe7 30. Rd1 b5 31. Rc7 Be5 32. Ra7 d3 33. Ra8+ Kg7 34. Rg8+ Kh6 35. g3 Bh3 36. Kh1 Bc3 37. Qf2 d2 38. Rg1 Re1 39. gxf4 Rxg1+ 40. Qxg1 Qe1 41. d6 Bd4 0-1

[Event "London Classic op 11th"]
[Site "London"]
[Date "2019.11.29"]
[Round "1"]
[White "Bradbury, Neil H"]
[Black "Deaconu, Mihai Ionut"]
[Result "1-0"]
[WhiteElo "2326"]
[BlackElo "1957"]
[PlyCount "73"]
[EventDate "2019.11.29"]
[EventType "swiss"]
[EventRounds "9"]
[EventCountry "ENG"]
[SourceTitle "CBM 193 Extra"]
[Source "ChessBase"]
[SourceDate "2020.01.31"]
[SourceVersion "1"]
[SourceVersionDate "2020.01.31"]
[SourceQuality "1"]

1. d4 Nf6 2. c4 g6 3. Nc3 Bg7 4. e4 d6 5. Nf3 0-0 6. h3 e5 7. d5 a5 8. Be2 Na6 9. Be3 Nc5 10. Nd2 Ne8 11. Nb3 b6 12. Nxc5 dxc5 13. Qd2 Nd6 14. 0-0-0 Ba6 15. b3 a4 16. f3 axb3 17. axb3 Qd7 18. Kc2 b5 19. cxb5 Nxb5 20. Bxb5 Bxb5 21. Bxc5 Rfb8 22. Ra1 Ba6 23. Ra2 Qc8 24. Rha1 Qb7 25. b4 Bc4 26. Rxa8 Rxa8 27. Rxa8+ Qxa8 28. Kb2 f5 29. Qe1 Qa6 30. g4 fxe4 31. fxe4 Bh6 32. Qh4 Bc1+ 33. Kb1 g5 34. Qh5 Qa8 35. Qh6 Qe8 36. Kxc1 Qf7 37. Qxg5+ 1-0

[Event "British Universities-ch"]
[Site "Telford"]
[Date "2018.02.24"]
[Round "3.3"]
[White "Eggink, Mateusz"]
[Black "Deaconu, Mihai Ionut"]
[Result "1/2-1/2"]
[WhiteElo "2138"]
[BlackElo "1957"]
[PlyCount "88"]
[EventDate "2018.02.24"]
[EventType "team-swiss"]
[EventRounds "5"]
[EventCountry "ENG"]
[SourceTitle "CBM 183 Extra"]
[Source "ChessBase"]
[SourceDate "2018.04.19"]
[SourceVersion "1"]
[SourceVersionDate "2018.04.19"]
[SourceQuality "1"]
[WhiteTeam "Warwicks Select"]
[BlackTeam "London UCL"]
[WhiteTeamCountry "ENG"]
[BlackTeamCountry "ENG"]

1. e4 e5 2. Nf3 Nc6 3. Bc4 Bc5 4. d3 Nf6 5. 0-0 0-0 6. Bg5 h6 7. Bh4 d6 8. c3 Bg4 9. Nbd2 g5 10. Bg3 Nh5 11. b4 Bb6 12. Re1 Nxg3 13. hxg3 Qf6 14. Nf1 Rae8 15. Ne3 Be6 16. Nd2 Ne7 17. g4 a6 18. Bb3 d5 19. exd5 Bxe3 20. Rxe3 Bxd5 21. Ne4 Bxe4 22. Rxe4 Nc8 23. Qe2 Nd6 24. Re3 Re7 25. Re1 Rfe8 26. d4 e4 27. a4 c6 28. Qd1 b5 29. d5 bxa4 30. Bxa4 Nc4 31. R3e2 e3 32. fxe3 Nxe3 33. Qd3 Nxd5 34. Rxe7 Rxe7 35. Rxe7 Qxe7 36. Bxc6 Qe1+ 37. Qf1 Qxc3 38. Bxd5 Qd4+ 39. Kh1 Qxd5 40. Qxa6 Qd1+ 41. Kh2 Qxg4 42. b5 Qh4+ 43. Kg1 Qe1+ 44. Kh2 Qh4+ 1/2-1/2

[Event "Barcelona Sant Marti op-A 19th"]
[Site "Barcelona"]
[Date "2017.07.13"]
[Round "1"]
[White "Deaconu, Mihai Ionut"]
[Black "Chernyak, Viktoria"]
[Result "0-1"]
[WhiteElo "1965"]
[BlackElo "2251"]
[PlyCount "60"]
[EventDate "2017.07.13"]
[EventType "swiss"]
[EventRounds "9"]
[EventCountry "ESP"]
[SourceTitle "EXT 2018"]
[Source "ChessBase"]
[SourceDate "2017.10.13"]
[SourceVersion "1"]
[SourceVersionDate "2017.10.13"]
[SourceQuality "1"]

1. d4 d5 2. Nf3 Nf6 3. c4 e6 4. g3 dxc4 5. Bg2 a6 6. 0-0 Nc6 7. Nc3 Bb4 8. Ne5 0-0 9. Nxc6 bxc6 10. Bxc6 Rb8 11. Qa4 Qxd4 12. Be3 Qe5 13. Ba7 Bxc3 14. bxc3 Rb2 15. Qxc4 Nd7 16. Rfd1 Nb6 17. Bxb6 cxb6 18. Bf3 Rb5 19. Rd4 Rc5 20. Qd3 Qc7 21. c4 e5 22. Rh4 f5 23. Bd5+ Kh8 24. g4 g6 25. Rb1 b5 26. gxf5 Bxf5 27. e4 bxc4 28. Qg3 Rxd5 29. exf5 gxf5 30. Rc1 Rg8 0-1

[Event "ROM-chT2"]
[Site "Calimanesti"]
[Date "2014.11.12"]
[Round "5.3"]
[White "Manescu, Tiberiu"]
[Black "Deaconu, Mihai Ionut"]
[Result "1-0"]
[WhiteElo "2393"]
[BlackElo "1939"]
[PlyCount "93"]
[EventDate "2014.11.08"]
[EventType "team-tourn"]
[EventRounds "9"]
[EventCountry "ROU"]
[SourceTitle "CBM 163 Extra"]
[Source "ChessBase"]
[SourceDate "2014.12.23"]
[SourceVersion "1"]
[SourceVersionDate "2014.12.23"]
[SourceQuality "1"]
[WhiteTeam "Resita Muncitorul"]
[BlackTeam "Galati Diana"]
[WhiteTeamCountry "ROU"]
[BlackTeamCountry "ROU"]

1. e4 e5 2. Nf3 Nc6 3. d4 exd4 4. Bc4 Nf6 5. e5 d5 6. Bb5 Ne4 7. Nxd4 Bd7 8. Bxc6 bxc6 9. 0-0 Bc5 10. Be3 Bb6 11. f3 Ng5 12. Qd2 h6 13. Nb3 Qe7 14. Nc3 Bf5 15. Rae1 Rd8 16. Bxb6 axb6 17. Nd4 Qd7 18. h4 Nh7 19. e6 Bxe6 20. f4 c5 21. Nxe6 fxe6 22. f5 0-0 23. fxe6 Rxf1+ 24. Kxf1 Qe8 25. e7 Rd7 26. Qe2 Nf6 27. Kg1 Kh8 28. Qe5 d4 29. Nb5 Nd5 30. Qxd5 Rxe7 31. Rxe7 Qxe7 32. Qa8+ Kh7 33. Qf3 Qxh4 34. Nxc7 Qe1+ 35. Qf1 Qe5 36. Nb5 c4 37. Qxc4 Qe3+ 38. Kh2 Qf4+ 39. g3 Qf2+ 40. Kh3 h5 41. Nxd4 g5 42. Qc7+ Kg8 43. Qd8+ Kf7 44. Qd7+ Kg6 45. Qe8+ Kh6 46. Qe6+ Kg7 47. Nf5+ 1-0

[Event "ROM-ch U18"]
[Site "Calimanesti"]
[Date "2014.04.09"]
[Round "4"]
[White "Lupascu, Matei Alexandru"]
[Black "Deaconu, Mihai Ionut"]
[Result "1-0"]
[WhiteElo "2067"]
[BlackElo "1891"]
[PlyCount "123"]
[EventDate "2014.04.06"]
[EventType "swiss"]
[EventRounds "9"]
[EventCountry "ROU"]
[SourceTitle "CBM 160 Extra"]
[Source "ChessBase"]
[SourceDate "2014.07.01"]
[SourceVersion "1"]
[SourceVersionDate "2014.07.01"]
[SourceQuality "1"]

1. d4 Nf6 2. c4 g6 3. Nc3 Bg7 4. e4 d6 5. h3 0-0 6. Bg5 e5 7. dxe5 dxe5 8. Qxd8 Rxd8 9. Nd5 Rxd5 10. exd5 Ne4 11. Be3 Nd7 12. Bd3 Nec5 13. Be2 e4 14. 0-0-0 a5 15. f3 Nd3+ 16. Bxd3 exd3 17. f4 Nb6 18. Bxb6 cxb6 19. Nf3 Bf5 20. Rhe1 Rc8 21. Nd2 h5 22. Re7 b5 23. Rde1 Kf8 24. d6 Rd8 25. Rxb7 bxc4 26. Nxc4 Bh6 27. g3 h4 28. g4 Bxf4+ 29. Kd1 d2 30. Rf1 Bc8 31. Ra7 g5 32. Rxa5 Bb7 33. Rf2 Be4 34. Rxf4 gxf4 35. Kxd2 Bg2 36. Rh5 Kg7 37. Rg5+ Kf8 38. Rh5 Kg7 39. Rg5+ Kf8 40. Rf5 Kg7 41. Rxf4 Bxh3 42. Rd4 Bg2 43. Ke2 h3 44. Kf2 Rh8 45. Rd1 Be4 46. Nd2 h2 47. Nxe4 h1Q 48. Rxh1 Rxh1 49. Ke3 Rd1 50. b4 Kf8 51. a4 Rb1 52. b5 Rb3+ 53. Kd4 Rb4+ 54. Kd5 Rxa4 55. Nc5 Rxg4 56. Kc6 f5 57. Ne6+ Kf7 58. d7 Rg6 59. d8Q Rxe6+ 60. Kc7 Re7+ 61. Qxe7+ Kxe7 62. b6 1-0

[Event "ROM-ch U18"]
[Site "Calimanesti"]
[Date "2014.04.06"]
[Round "1"]
[White "Deaconu, Mihai Ionut"]
[Black "Bida, Mihai Eugen"]
[Result "1/2-1/2"]
[WhiteElo "1891"]
[BlackElo "2262"]
[PlyCount "42"]
[EventDate "2014.04.06"]
[EventType "swiss"]
[EventRounds "9"]
[EventCountry "ROU"]
[SourceTitle "CBM 160 Extra"]
[Source "ChessBase"]
[SourceDate "2014.07.01"]
[SourceVersion "1"]
[SourceVersionDate "2014.07.01"]
[SourceQuality "1"]

1. e4 e5 2. Nf3 Nc6 3. Bb5 a6 4. Ba4 Nf6 5. 0-0 Be7 6. Re1 b5 7. Bb3 d6 8. c3 0-0 9. h3 Na5 10. Bc2 d5 11. d3 Nc6 12. exd5 Nxd5 13. Nxe5 Nxe5 14. Rxe5 Bb7 15. d4 g6 16. Bh6 Re8 17. Bb3 Nb6 18. Nd2 Bd6 19. Rxe8+ Qxe8 20. Qg4 a5 21. a3 Bd5 1/2-1/2

[Event "ROM-chT2"]
[Site "Olanesti"]
[Date "2013.10.18"]
[Round "7.5"]
[White "Porumb, Alecu"]
[Black "Deaconu, Mihai Ionut"]
[Result "0-1"]
[WhiteElo "1693"]
[BlackElo "1868"]
[PlyCount "60"]
[EventDate "2013.10.12"]
[EventType "team-tourn"]
[EventRounds "9"]
[EventCountry "ROU"]
[SourceTitle "EXT 2014"]
[Source "ChessBase"]
[SourceDate "2013.11.20"]
[SourceVersion "1"]
[SourceVersionDate "2013.11.20"]
[SourceQuality "1"]
[WhiteTeam "Targoviste University"]
[BlackTeam "Galati Diana"]
[WhiteTeamCountry "ROU"]
[BlackTeamCountry "ROU"]

1. e4 e5 2. Nf3 Nc6 3. g3 Nf6 4. d3 Bc5 5. Bg2 0-0 6. 0-0 d5 7. Bg5 dxe4 8. Bxf6 Qxf6 9. dxe4 Bg4 10. h3 Rad8 11. hxg4 Rxd1 12. Rxd1 Nd4 13. Nbd2 Qe6 14. c3 Nc6 15. b4 Bb6 16. a3 Qxg4 17. c4 Bd4 18. Rab1 f5 19. Nh2 Qxg3 20. Rf1 Qxa3 21. b5 Ne7 22. exf5 Rxf5 23. Rb3 Qa2 24. Rd3 Qa5 25. Ne4 Ng6 26. Ng3 Rxf2 27. Rxf2 Qe1+ 28. Nhf1 Qxf2+ 29. Kh2 Nf4 30. Ne3 Nxd3 0-1

[Event "ROM-ch U16"]
[Site "Calimanesti"]
[Date "2013.04.02"]
[Round "1"]
[White "Deaconu, Mihai Ionut"]
[Black "Tomici, Stefan"]
[Result "0-1"]
[WhiteElo "1857"]
[BlackElo "2235"]
[PlyCount "106"]
[EventDate "2013.04.02"]
[EventType "swiss"]
[EventRounds "9"]
[EventCountry "ROU"]
[SourceTitle "CBM 153 Extra"]
[Source "ChessBase"]
[SourceDate "2013.04.22"]
[SourceVersion "1"]
[SourceVersionDate "2013.04.22"]
[SourceQuality "1"]

1. e4 e5 2. Nf3 Nc6 3. Bc4 Bc5 4. c3 Nf6 5. b4 Bb6 6. d3 0-0 7. 0-0 h6 8. a4 a6 9. Nbd2 d6 10. Bb3 Ba7 11. Nc4 b5 12. Ne3 Bb7 13. Nd5 Nb8 14. axb5 axb5 15. Be3 Bxe3 16. Nxf6+ Qxf6 17. fxe3 Qe7 18. Rxa8 Bxa8 19. Qe1 g6 20. Qg3 Kg7 21. Nh4 Qg5 22. Qxg5 hxg5 23. Nf3 f6 24. Ra1 Nc6 25. Bd5 Bb7 26. Bxc6 Bxc6 27. Ra7 Rc8 28. Nd2 Kf7 29. Ra6 Bd7 30. d4 Ke7 31. Ra7 Kd8 32. d5 c6 33. Kf2 Ke7 34. c4 cxd5 35. cxb5 Rb8 36. Ra5 dxe4 37. Nxe4 Bxb5 38. Nc3 Bc4 39. b5 Rb7 40. e4 Ke6 41. g4 f5 42. gxf5+ gxf5 43. Ra6 f4 44. Ra8 Bxb5 45. Rg8 Bc6 46. Rg6+ Ke7 47. Rxg5 Rb2+ 48. Kg1 Rc2 49. Nd5+ Bxd5 50. exd5 Rd2 51. h4 Rxd5 52. h5 Rd3 53. Kg2 Rg3+ 0-1

[Event "ROM-chT"]
[Site "Baile Herculane"]
[Date "2010.09.12"]
[Round "9.24"]
[White "Deaconu, Mihai Ionut"]
[Black "Danilov, Vladimir"]
[Result "0-1"]
[WhiteElo "1655"]
[BlackElo "2449"]
[PlyCount "92"]
[EventDate "2010.09.04"]
[EventType "team-tourn"]
[EventRounds "9"]
[EventCountry "ROU"]
[SourceTitle "EXT 2021"]
[Source "ChessBase"]
[SourceDate "2020.10.23"]
[SourceVersion "1"]
[SourceVersionDate "2020.10.23"]
[SourceQuality "1"]

1. d4 Nf6 2. c4 c5 3. e3 e6 4. Nc3 b6 5. Nf3 Bb7 6. Be2 Be7 7. 0-0 0-0 8. b3 cxd4 9. Nxd4 Nc6 10. Nxc6 Bxc6 11. Bf3 Rc8 12. Bxc6 Rxc6 13. Bb2 a6 14. Qe2 Qb8 15. Rfd1 Rfc8 16. Rac1 h6 17. g3 Qb7 18. a3 R6c7 19. h3 d6 20. Kh2 Nd7 21. Na4 b5 22. cxb5 axb5 23. Rxc7 Rxc7 24. Nc3 Rc5 25. b4 Rc4 26. Rd4 Ne5 27. Ne4 Rxd4 28. exd4 Nc4 29. f3 Qd5 30. Qc2 f5 31. Nd2 Nxd2 32. Qxd2 Qxf3 33. Qc2 f4 34. Qg2 fxg3+ 35. Qxg3 Qe2+ 36. Qg2 Qxg2+ 37. Kxg2 d5 38. Kg3 Kf7 39. Kg4 Kg6 40. Kf4 Bd6+ 41. Kg4 Kf6 42. Bc1 h5+ 43. Kf3 g5 44. Be3 Kf5 45. Bc1 g4+ 46. hxg4+ hxg4+ 0-1

[Event "ROM-chT"]
[Site "Baile Herculane"]
[Date "2010.09.08"]
[Round "5.24"]
[White "Doncea, Vladimir"]
[Black "Deaconu, Mihai Ionut"]
[Result "1-0"]
[WhiteElo "2433"]
[BlackElo "1655"]
[PlyCount "55"]
[EventDate "2010.09.04"]
[EventType "team-tourn"]
[EventRounds "9"]
[EventCountry "ROU"]
[SourceTitle "EXT 2021"]
[Source "ChessBase"]
[SourceDate "2020.10.23"]
[SourceVersion "1"]
[SourceVersionDate "2020.10.23"]
[SourceQuality "1"]

1. d4 d5 2. c4 e6 3. Nf3 Nf6 4. g3 c6 5. Bg2 Nbd7 6. Qc2 Be7 7. 0-0 0-0 8. b3 b6 9. Rd1 Bb7 10. Nc3 Rc8 11. e4 Qc7 12. Bf4 Qd8 13. Ne5 Bb4 14. exd5 cxd5 15. Nb5 a6 16. a3 axb5 17. axb4 bxc4 18. Ra7 cxb3 19. Qxb3 Ba8 20. b5 Nxe5 21. Bxe5 Ne8 22. Qa3 f6 23. Bh3 f5 24. Ra1 Nf6 25. Bd6 Re8 26. Be7 Rxe7 27. Qxe7 Qxe7 28. Rxe7 1-0